Tourism writing : (Record no. 1847)

MARC details
000 -LEADER
fixed length control field 02953cam a2200409 i 4500
001 - CONTROL NUMBER
control field data
005 - DATE AND TIME OF LATEST TRANSACTION
control field 20260322212121.0
008 - FIXED-LENGTH DATA ELEMENTS--GENERAL INFORMATION
fixed length control field data
035 ## - SYSTEM CONTROL NUMBER
System control number 20415180
010 ## - LIBRARY OF CONGRESS CONTROL NUMBER
LC control number 2018938750
020 ## - INTERNATIONAL STANDARD BOOK NUMBER
International Standard Book Number 9781627342490
Qualifying information (pbk.)
020 ## - INTERNATIONAL STANDARD BOOK NUMBER
International Standard Book Number 1627342494
Qualifying information (pbk.)
020 ## - INTERNATIONAL STANDARD BOOK NUMBER
Canceled/invalid ISBN 9781627342506
Qualifying information (ebook)
035 ## - SYSTEM CONTROL NUMBER
System control number (OCoLC)1052622079
040 ## - CATALOGING SOURCE
Original cataloging agency ACM
Language of cataloging eng
Transcribing agency ACM
Description conventions rda
Modifying agency DLC
-- OCLCF
-- OCLCQ
-- DLC
042 ## - AUTHENTICATION CODE
Authentication code lccopycat
050 00 - LIBRARY OF CONGRESS CALL NUMBER
Classification number PN56.T7
Item number P353 2018
100 1# - MAIN ENTRY--PERSONAL NAME
Personal name Palmer, Mary S.,
Relator term author.
245 10 - TITLE STATEMENT
Title Tourism writing :
Remainder of title a new literary genre unveiling the history, mystery, and economy of places and events /
Statement of responsibility, etc. Mary S. Palmer.
264 #1 - PRODUCTION, PUBLICATION, DISTRIBUTION, MANUFACTURE, AND COPYRIGHT NOTICE
Place of production, publication, distribution, manufacture Boca Raton :
-- Boca Raton :
Name of producer, publisher, distributor, manufacturer Universal Publishers,
Date of production, publication, distribution, manufacture, or copyright notice 2018.
300 ## - PHYSICAL DESCRIPTION
Extent xxvii, 188 pages :
Other physical details illustrations ;
Dimensions 23 cm
336 ## - CONTENT TYPE
Content type term text
Content type code txt
Source rdacontent
337 ## - MEDIA TYPE
Media type term unmediated
Media type code n
Source rdamedia
338 ## - CARRIER TYPE
Carrier type term volume
Carrier type code nc
Source rdacarrier
504 ## - BIBLIOGRAPHY, ETC. NOTE
Bibliography, etc. note Includes bibliographical references (pages 181-186).
520 ## - SUMMARY, ETC.
Summary, etc. "In this era of advanced technology keeping students' attention often becomes difficult. Teachers need to find new ways to create interest. In writing classes, choosing a topic that involves students is a priority. A new genre, Tourism Writing, is an innovative and effective means of teaching students composition. It can fill this need. Tourism Writing focuses on a particular place or event, provides photos and information on nearby points of interest, and directly invites visitors. This book provides an understanding of how Tourism Writing benefits people in all areas of life. This transfers to classroom assignments when students are asked to write a poem in this genre and they are given lists of possible topics, but they also have the option to choose their own place or event. It becomes a learning experience as many are amazed at their ability to write a poem and intrigued by the history they learn while researching and they treasure their photos used for illustration. Such poems were entered in the annual Poetry Writing Contest at Faulkner University. In the process, students' communication and research skills were enhanced. They learned the history of their own area. This hands-on process is rewarding to teach. The plan is to add prose assignments on Tourism Writing to the classroom curriculum in the future. The possibilities for Tourism Writing are widespread"--
Assigning source Provided by publisher
650 #0 - SUBJECT ADDED ENTRY--TOPICAL TERM
Topical term or geographic name entry element Travel in literature.
650 #0 - SUBJECT ADDED ENTRY--TOPICAL TERM
Topical term or geographic name entry element Travelers' writings.
650 #0 - SUBJECT ADDED ENTRY--TOPICAL TERM
Topical term or geographic name entry element Travel writing.
650 #7 - SUBJECT ADDED ENTRY--TOPICAL TERM
Topical term or geographic name entry element Travel in literature.
Source of heading or term fast
Authority record control number or standard number (OCoLC)fst01155640
650 #7 - SUBJECT ADDED ENTRY--TOPICAL TERM
Topical term or geographic name entry element Travel writing.
Source of heading or term fast
Authority record control number or standard number (OCoLC)fst01155681
650 #7 - SUBJECT ADDED ENTRY--TOPICAL TERM
Topical term or geographic name entry element Travelers' writings.
Source of heading or term fast
Authority record control number or standard number (OCoLC)fst01155719
906 ## - LOCAL DATA ELEMENT F, LDF (RLIN)
a 7
b cbc
c copycat
d 2
e ncip
f 20
g y-gencatlg
925 0# -
-- acquire
-- 1 shelf copy
-- policy default
Holdings
Withdrawn status Lost status Damaged status Not for loan Home library Current library Shelving location Date acquired Total checkouts Full call number Barcode Date last seen Price effective from Koha item type
        Centerville Centerville General stacks 22/03/2026   PN56.T7 LOC-CPL-00015 22/03/2026 22/03/2026 Books